000 01148cam a2200325 a 4500
001 3870585
003 ARRUPE
005 20141202142855.0
008 890414s1988 txu b 001 0 eng
010 _a 89007870
020 _a0911005145 (alk. paper) :
_c$20.00
020 _a0911005153 (pbk. : alk. paper)
040 _aDLC
_cDLC
_dDLC
041 1 _aeng
_hfre
050 0 0 _aB2430.B253
_bF5613 1988
082 0 0 _a194
_220
100 1 _aBachelard, Gaston,
_d1884-1962.
_912975
240 1 0 _aFlamme d'une chandelle.
_lEnglish
245 1 4 _aThe flame of a candle /
_cGaston Bachelard ; translated from the French by Joni Caldwell.
260 _aDallas :
_bDallas Institute Publications,
_cc1988.
300 _axv, 89 p. ;
_c24 cm.
490 1 _aThe Bachelard translations
500 _aTranslation of: La flamme d'une chandelle.
504 _aIncludes bibliographical references.
650 0 _aFlame
_xMeditations.
_912976
800 1 _aBachelard, Gaston,
_d1884-1962.
_tBachelard translations series.
_912977
906 _a7
_bcbc
_corignew
_d1
_eocip
_f19
_gy-gencatlg
942 _2lcc
_cMONOGRAPH
999 _c121361
_d121361